Raising Majestic Kids: (Record no. 216745)
[ view plain ]
| 000 -LEADER | |
|---|---|
| fixed length control field | 01165nam a22002057a 4500 |
| 005 - DATE AND TIME OF LATEST TRANSACTION | |
| control field | 20260618154128.0 |
| 010 ## - LCCN (DPL NO) | |
| LC control number | ENG-148888 |
| 020 ## - INTERNATIONAL STANDARD BOOK NUMBER | |
| Terms of availability | 249.00 |
| International Standard Book Number | 9789359067353 |
| 035 ## - SYSTEM CONTROL NUMBER | |
| System control number | EN-132420 |
| 037 ## - SOURCE OF ACQUISITION | |
| Source of stock number/acquisition | DBAD/PUB |
| 082 ## - DEWEY DECIMAL CLASSIFICATION NUMBER | |
| Classification number | 305.231 |
| 100 ## - MAIN ENTRY--PERSONAL NAME | |
| Personal name | Malhotra, Shruti |
| 245 ## - TITLE STATEMENT | |
| Title | Raising Majestic Kids: |
| Statement of responsibility, etc | Shruti Malhotra |
| Remainder of title | A Proactive Approach to Parenting Act Before They React/ |
| 260 ## - PUBLICATION, DISTRIBUTION, ETC. (IMPRINT) | |
| Name of publisher, distributor, etc | Shruti |
| Date of publication, distribution, etc | 2023 |
| 300 ## - PHYSICAL DESCRIPTION | |
| Extent | 167p.: |
| Dimensions | 20.5cm(pb); |
| 500 ## - GENERAL NOTE | |
| General note | Shruti is a Consulting Psychologist, Educator, Philanthropist and Entrepreneur. Her illustrious career spans across various fields of psychology, including parenting, relationships, personality, personal growth, professional success, and many more.<br/><br/>Her work has been recognised in many National and International Journals. She is the recipient of prestigious awards in the field of Psychology. She has transformed hundreds or thousands of lives across globe with her incredible intrapersonal and interpersonal skills. She is committed to helping all the parents adopt positive parenting practices. |
| 700 ## - ADDED ENTRY--PERSONAL NAME | |
| 9 (RLIN) | 89435 |
| 700 ## - ADDED ENTRY--PERSONAL NAME | |
| 9 (RLIN) | 72140 |
| 942 ## - ADDED ENTRY ELEMENTS (KOHA) | |
| Source of classification or shelving scheme | Dewey Decimal Classification |
| Item type | English Books |
| Classification part | 305.231 |
| Call number suffix | MAL |
| Withdrawn status | Lost status | Not for loan | Collection code | Home library | Current library | Date acquired | Source of acquisition | Cost, normal purchase price | Full call number | Barcode | Copy number | Cost, replacement price | Koha item type |
|---|---|---|---|---|---|---|---|---|---|---|---|---|---|
| Not For Loan | Non-fiction | D.B.Act.Division | D.B.Act.Division | 18/06/2026 | DBAD | 249.00 | 305.231 MAL | EN-132420 | 1 | 249.00 | English Books |
